000 00663nam a2200229Ia 4500
003 OSt
005 20220925183753.0
006 a|||||r|||| 00| 0
007 ta
008 220923b |||||||| |||| 00| 0 eng d
037 _cGeneral Book
040 _aRTL
_cRTL
_beng
041 _2eng
_aeng
082 _aV2 , 31p . N56, J6 . 5 (1 -20 )
110 _aINDIA , LOK SABHA
_998267
245 0 _aLok sabha debates
260 _aDelhi
_bLok sabha secretariat
_c1956
300 _axviii , 540p
_ccm.
700 _aINDIA , LOK SABHA
_998268
942 _hV2 , 31p . N56, J6 . 5 (1 -20 )
_cGB
_2CC
999 _c505789
_d505789